00681nam a2200145Ia 4500008004100000050002000041082002200061100003100083245013800114260002400252300002600276500008800302650006000390700008500450121101s9999 xx 000 0 und d aHG4521 M37 2009 a352.6 M3 P67 2009 aMartinez Olvera, Gilberto. aProyecto de inversión Citrus Bar / Gilberto Martinez Olvera, Essi Abril García Zavala, Jessica Iliana Romero Martinez...[et all.] aMéxico : el autor a225 h. : il. ; 28 cm. aProyecto de inversión. Universidad Insurgentes. Licenciatura en Administración. a1. Inversiones. 2. Proyectos de desarrollo económico. aI. García Zavala, Essi Abril. coaut. II. Romero Martinez, Jessica I. coaut.Ì